| 000 | 01016nam0a22002771 4500 | ||
|---|---|---|---|
| 001 | v19\rc\2021651 | ||
| 005 | 20080925110725.1 | ||
| 035 | _a(NLR Aleph) 005101944 | ||
| 090 |
_a7401951 _c7401951 |
||
| 100 | _a20080925e19161916|||y0rusy50 ca | ||
| 101 | 0 | _arus | |
| 102 | _aRU | ||
| 105 | _aa z ||||| | ||
| 200 | 1 |
_aИз наблюдений в Кузнецком угленосном бассейне _fА.А. Гапеев |
|
| 210 |
_aПетроград _cтип. М.М. Стасюлевича _d1916 |
||
| 215 |
_a395-400 с., 2 л. ил. _d25 |
||
| 300 | _aНа обл.: № 308 | ||
| 311 | _aОтт. из т. 35, № 2 "Изв. Геол. ком." 1916 | ||
| 488 | 0 | _12001#$aИзвестия Геологического комитета$v1916, т. 35, № 2 | |
| 700 | 1 |
_aГапеев _bА. А. _f1881-1958 _gАлександр Александрович |
|
| 801 | 0 |
_aRU _bNLR _gpsbo |
|
| 801 | 0 |
_aRU _bRuMoRGB _2psbo |
|
| 801 | 1 |
_aRU _bProSoft-M _2rusmarc |
|
| 852 |
_aNLR _j69-7/158 |
||
| 942 | _cBOOK | ||
| 980 | _aNB | ||